LEADER 01139nam a2200253 i 4500 001 000000165205 003 CaOOAMICUS 005 20071120000000.0 008 071120s1967 it u000 u ita u 013 $a142573 040 $aSeMil$bita 245 10$aScritti sulla scuola. 260 $aMilano :$bVita e Pensiero,$c1967. 300 $aVI, 197 p. ;$c24 cm. 490 0 $aPubblicazioni dell'Università Cattolica del Sacro Cuore 490 0 $aPubblicazioni dell'Università cattolica del Sacro Cuore. Contributi. Ser. 3., Varia ;$v6 650 4$aScuola - Riforma - Studi.$0(OLS)http://semarc/subject/13437 830 0$aPubblicazioni dell'Università Cattolica del Sacro Cuore.$0(OLS)http://semarc/title/18117 830 0$aPubblicazioni dell'Università cattolica del Sacro Cuore. Ser. 3., Varia. Contributi ;$v6.$0(OLS)http://semarc/title/24712 850 $aSeMil 852 $aSeMil$W1$xVenegono$y1$m2Q V 22$j116399$B116399$CSeMilBibl$Z2$F129077 $81 961 $aRecupero: Altro 996 $6245$aScritti sulla scuola$9(OLS)http://semarc/title/235798 996 $6260$aMilano :$bVita e Pensiero$9(OLS)http://semarc/publisher/29642 LEADER 01119nam a2200289 i 4500 001 000000176524 003 CaOOAMICUS 005 20090219000000.0 008 090219s1986 it u000 u ita u 013 $a154013 040 $aSeMil$bita 100 1 $aBianchi, Luigi.$0(OLS)http://semarc/name/786 245 10$aMedjugorje :$btestimonianze 1981-85 /$cL. Bianchi, L. Dogo. 250 $a14. ed., con un ampliamento. 260 $aGera Lario :$b[s.n.],$c1986. 300 $a176 p. ;$c20 cm. 490 0 $aSegni dei tempi nuovi 500 $aFondo card. Giovanni Colombo. 650 4$aMadonna - Apparizioni - Medugorje.$0(OLS)http://semarc/subject/5717 700 1 $aDogo, Leone.$0(OLS)http://semarc/name/31705 830 0$aSegni dei tempi nuovi.$0(OLS)http://semarc/title/13018 850 $aSeMil 852 $aSeMil$W1$xVenegono$y1$m2L II 108$j127344$B127344$CSeMilBibl$Z2$F139634 $81 941 1 $a3 961 $aLascito: Colombo Card. Giovanni 996 $6245$aMedjugorje :$btestimonianze 1981-85$9(OLS)http://semarc/title/253397 996 $6260$aGera Lario :$b[s.n.]$9(OLS)http://semarc/publisher/32696